[Event "Madrid-ch Previa B"]
[Site "Madrid"]
[Date "2023.02.10"]
[Round "4.17"]
[White "Hurtado Garrido, Reyes"]
[Black "Lopez Martin, Israel"]
[Result "1-0"]
[WhiteElo "1773"]
[BlackElo "1351"]
[PlyCount "55"]
[EventDate "2023.02.02"]
[EventType "swiss"]
[EventRounds "9"]
[EventCountry "ESP"]
[SourceTitle "EXT 2024"]
[Source "ChessBase"]
[SourceDate "2023.10.10"]
[SourceVersion "1"]
[SourceVersionDate "2023.10.10"]
[SourceQuality "1"]

1. d4 d5 2. Bf4 e6 3. e3 Nf6 4. Nd2 c5 5. c3 Nc6 6. Bd3 g6 7. Ngf3 cxd4 8. exd4 Bg7 9. Qe2 0-0 10. 0-0 Nh5 11. Bg5 Bf6 12. Qe3 Bxg5 13. Nxg5 Ne7 14. f4 f6 15. Nxe6 Bxe6 16. Qxe6+ Kh8 17. Rae1 Re8 18. g4 Ng7 19. Qxf6 Rc8 20. Nf3 Rc6 21. Qh4 Rb6 22. Ng5 h5 23. Nf7+ Kg8 24. Nxd8 Kf8 25. f5 gxf5 26. gxf5 Ngxf5 27. Bxf5 Nxf5 28. Rxf5+ 1-0

[Event "Madrid-ch Seniors 65+"]
[Site "Madrid"]
[Date "2022.04.20"]
[Round "3"]
[White "De Paz Nistal, Santiago"]
[Black "Hurtado Garrido, Reyes"]
[Result "1-0"]
[WhiteElo "1874"]
[BlackElo "1606"]
[PlyCount "79"]
[EventDate "2022.04.18"]
[EventType "swiss"]
[EventRounds "7"]
[EventCountry "ESP"]
[SourceTitle "EXT 2023"]
[Source "ChessBase"]
[SourceDate "2022.10.05"]
[SourceVersion "1"]
[SourceVersionDate "2022.10.05"]
[SourceQuality "1"]

1. e4 c5 2. Nc3 Nc6 3. g3 g6 4. Bg2 Bg7 5. d3 d6 6. Be3 Rb8 7. Nge2 b5 8. Qd2 b4 9. Nd1 a5 10. 0-0 Ba6 11. Re1 e6 12. Rb1 Nd4 13. f4 Ne7 14. Nf2 0-0 15. Kh1 a4 16. c4 bxc3 17. Nxc3 Qd7 18. Rec1 Rb4 19. Bxd4 Bxd4 20. Nfd1 Rfb8 21. Rc2 Nc6 22. Bf1 Bxc3 23. Qxc3 Nd4 24. Rf2 Qb7 25. h4 e5 26. fxe5 dxe5 27. Qxc5 Rb5 28. Qc3 Rc8 29. Qe1 Rbc5 30. Ne3 Nc2 31. Nxc2 Rxc2 32. b3 axb3 33. axb3 Qd7 34. Rd1 Qg4 35. Rfd2 R8c3 36. Qe3 Rc1 37. Rxc1 Rxc1 38. Kg2 Qc8 39. Rf2 Qc3 40. Qa7 1-0

[Event "Madrid-ch Seniors 50"]
[Site "Madrid"]
[Date "2022.04.06"]
[Round "8"]
[White "Sanchez Peral, Pedro"]
[Black "Hurtado Garrido, Reyes"]
[Result "1-0"]
[WhiteElo "1797"]
[BlackElo "1622"]
[PlyCount "85"]
[EventDate "2022.03.28"]
[EventType "swiss"]
[EventRounds "9"]
[EventCountry "ESP"]
[SourceTitle "EXT 2023"]
[Source "ChessBase"]
[SourceDate "2022.10.05"]
[SourceVersion "1"]
[SourceVersionDate "2022.10.05"]
[SourceQuality "1"]

1. e4 c5 2. Nf3 g6 3. d4 cxd4 4. Qxd4 Nf6 5. e5 Nc6 6. Qa4 Nd5 7. Qe4 Nc7 8. Bf4 Ne6 9. Nc3 Nxf4 10. Qxf4 d5 11. exd6 Qxd6 12. Qxd6 exd6 13. 0-0-0 Be6 14. Bb5 Kd7 15. Rhe1 Kc7 16. Ng5 Bh6 17. f4 Rhe8 18. Nxe6+ Rxe6 19. Rxe6 Bxf4+ 20. Kb1 fxe6 21. g3 Be5 22. Ne4 Nd4 23. Bd3 h6 24. c3 Nc6 25. Rf1 Re8 26. Nf6 Re7 27. Bxg6 Bxf6 28. Rxf6 Ne5 29. Bh5 Nc4 30. Kc2 e5 31. b3 Ne3+ 32. Kd2 Nd5 33. Rxh6 e4 34. c4 e3+ 35. Ke1 Nb4 36. Rf6 Nd3+ 37. Kd1 Nb2+ 38. Ke2 Re5 39. Bf3 Re7 40. h4 b5 41. cxb5 d5 42. Bxd5 Rg7 43. Rf7+ 1-0

[Event "Madrid-ch Seniors 50"]
[Site "Madrid"]
[Date "2022.03.29"]
[Round "2"]
[White "Siddiqie, Kausar Iqbal"]
[Black "Hurtado Garrido, Reyes"]
[Result "0-1"]
[WhiteElo "1309"]
[BlackElo "1622"]
[PlyCount "112"]
[EventDate "2022.03.28"]
[EventType "swiss"]
[EventRounds "9"]
[EventCountry "ESP"]
[SourceTitle "EXT 2023"]
[Source "ChessBase"]
[SourceDate "2022.10.05"]
[SourceVersion "1"]
[SourceVersionDate "2022.10.05"]
[SourceQuality "1"]

1. e4 c5 2. Nf3 g6 3. Bc4 Bg7 4. 0-0 Nc6 5. c3 e6 6. d4 cxd4 7. cxd4 d5 8. exd5 exd5 9. Re1+ Nge7 10. Bb3 0-0 11. Nc3 Bg4 12. h3 Bxf3 13. Qxf3 Nxd4 14. Qg4 Nxb3 15. axb3 Nc6 16. Bf4 d4 17. Rad1 Qc8 18. Nb5 Qxg4 19. hxg4 Rad8 20. Nd6 Rd7 21. Re4 h6 22. Rde1 Rfd8 23. Re8+ Rxe8 24. Rxe8+ Kh7 25. Rc8 Be5 26. Bxe5 Nxe5 27. Ne4 Kg7 28. f3 d3 29. Rc1 f5 30. gxf5 gxf5 31. Nd2 Nc6 32. Kf2 Nb4 33. f4 Nc2 34. Nc4 Rd4 35. g3 Re4 36. Rd1 Nb4 37. Rd2 Kf6 38. Kf3 h5 39. Nd6 Re7 40. Nc8 Rc7 41. Nxa7 Rc5 42. Ke3 Ke6 43. Kd4 Kd6 44. Rd1 b6 45. Ke3 Kc7 46. Rh1 Kb7 47. Rxh5 Kxa7 48. Rh7+ Ka6 49. Re7 Nd5+ 50. Kxd3 Nxe7 51. b4 Rd5+ 52. Kc4 b5+ 53. Kc3 Nc6 54. b3 Rd4 55. g4 fxg4 56. f5 Rf4 0-1

[Event "Madrid-ch Seniors 50"]
[Site "Madrid"]
[Date "2022.03.28"]
[Round "1"]
[White "Hurtado Garrido, Reyes"]
[Black "Marcos Herrero, Francisco"]
[Result "0-1"]
[WhiteElo "1622"]
[BlackElo "1897"]
[PlyCount "108"]
[EventDate "2022.03.28"]
[EventType "swiss"]
[EventRounds "9"]
[EventCountry "ESP"]
[SourceTitle "EXT 2023"]
[Source "ChessBase"]
[SourceDate "2022.10.05"]
[SourceVersion "1"]
[SourceVersionDate "2022.10.05"]
[SourceQuality "1"]

1. d4 Nf6 2. Bf4 c5 3. e3 d5 4. Nf3 e6 5. c3 Nc6 6. Bd3 Qb6 7. Qb3 c4 8. Qxb6 axb6 9. Bc2 b5 10. Nbd2 b4 11. 0-0 Be7 12. h3 0-0 13. e4 b5 14. Ne5 Bb7 15. Nxc6 Bxc6 16. e5 Nd7 17. cxb4 Bxb4 18. a3 Be7 19. Nf3 Ra6 20. Bg5 Bxg5 21. Nxg5 h6 22. Nf3 Rfa8 23. Rfe1 b4 24. Re3 Ba4 25. Ne1 Bxc2 26. Nxc2 Rb6 27. Rd1 bxa3 28. bxa3 Rb3 29. Kf1 Nb6 30. Ke1 Na4 31. Ra1 Nc3 32. f3 Ra4 33. Kd2 Nb5 34. Rxb3 cxb3 35. Rb1 Nxa3 36. Nxa3 Rxa3 37. Rb2 Ra4 38. Kc3 Rc4+ 39. Kd3 g5 40. Rxb3 h5 41. g3 Ra4 42. f4 gxf4 43. gxf4 Ra2 44. Rb1 Rg2 45. h4 Kg7 46. Ke3 Rg4 47. Rh1 Kg6 48. Kf3 Kf5 49. Rh2 Rxf4+ 50. Ke3 Re4+ 51. Kd3 Kg4 52. Rg2+ Kxh4 53. Rf2 Kg3 54. Rxf7 h4 0-1